Creating a photo book and slideshow with iPhoto /

Bibliographic Details
Main Author: Castro, Elizabeth
Format: Book
Language:English
Published: Berkeley, Calif. : Peachpit ; 2005.
Series:Visual quickproject guide.
Subjects:

MARC

Tag First Indicator Second Indicator Subfields
LEADER 00000cam a22000008a 4500
001 in00002076721
005 20151102140056.0
008 050415s2005 cau e 000 0 eng
015 |a GBA539775  |2 bnb 
016 7 |a 013194843  |2 Uk 
020 |a 0321357523 (pbk.) 
035 |a (OCoLC)ocm60371044 
040 |a UKM  |c UKM  |d BAKER  |d TXA  |d UtOrBLW 
049 |a TXAM 
082 0 4 |a 006.686  |2 22 
090 |a TR267.5.I64  |b C37 2005 
100 1 |a Castro, Elizabeth. 
245 1 0 |a Creating a photo book and slideshow with iPhoto /  |c Elizabeth Castro. 
263 |a 200507 
264 1 |a Berkeley, Calif. :  |b Peachpit ;  |c 2005. 
264 2 |a London :  |b Pearson Education [distributor], 
300 |a 144 pages ;  |c 23 cm. 
336 |a text  |b txt  |2 rdacontent 
337 |a unmediated  |b n  |2 rdamedia 
338 |a volume  |b nc  |2 rdacarrier 
490 1 |a Visual quickproject guide 
630 0 0 |a iPhoto (Computer file) 
830 0 |a Visual quickproject guide. 
994 |a C0  |b TXA 
948 |a cataloged  |b h  |c 2005/10/17  |d c  |e blrosas  |f 2:43:50 pm 
999 |a MARS 
999 f f |s c8f199c2-76e6-335d-b673-46f629277c19  |i 437268f9-6e95-356d-b57d-f8c2957ea192  |t 0 
952 f f |p ric  |a Texas A&M University  |b Rellis Campus  |c Joint Library Facility  |d Remote Storage  |t 0  |e TR267.5.I64 C37 2005  |h Library of Congress classification  |i unmediated -- volume  |m A14833070578 
998 f f |a TR267.5.I64 C37 2005  |t 0  |l Remote Storage